UBT Library

Siegel's [topic] essay and multiple-choice questions and answers. (Record no. 41220)

000 -LEADER
fixed length control field 01972cam a2200229 a 4500
001 - CONTROL NUMBER
control field 14133742
005 - DATE AND TIME OF LATEST TRANSACTION
control field 20180130033841.0
008 - FIXED-LENGTH DATA ELEMENTS--GENERAL INFORMATION
fixed length control field 051006m20059999nyu 000 0 eng
010 ## - LIBRARY OF CONGRESS CONTROL NUMBER
LC control number 2005281625
Canceled/invalid LC control number 2005282476
-- 2005282497
-- 2005282475
-- 2005282496
-- 2005282477
-- 2005283887
-- 2005284109
-- 2006275244
-- 2006285425
-- 2005283731
-- 2012418103
040 ## - CATALOGING SOURCE
Original cataloging agency DLC
Transcribing agency DLC
Modifying agency DLC
041 ## - LANGUAGE CODE
Language code of text/sound track or separate title eng
043 ## - GEOGRAPHIC AREA CODE
Geographic area code n-us---
080 ## - UNIVERSAL DECIMAL CLASSIFICATION NUMBER
Universal Decimal Classification number 340.076 EMA
082 00 - DEWEY DECIMAL CLASSIFICATION NUMBER
Classification number 340.076 EMA
Edition number 22
100 1# - Rafti
Rafti 14
101 ## - Shkurtesa
Shkurtesa JUR
245 10 - TITLE STATEMENT
Title Siegel's [topic] essay and multiple-choice questions and answers.
246 30 - VARYING FORM OF TITLE
Title proper/short title Essay and multiple-choice questions and answers
906 ## - LOCAL DATA ELEMENT F, LDF (RLIN)
a 7
b cbc
c orignew
d 2
e ncip
f 20
g y-gencatlg
942 ## - ADDED ENTRY ELEMENTS (KOHA)
Source of classification or shelving scheme
Item type Books
Holdings
Withdrawn status Lost status Source of classification or shelving scheme Damaged status Not for loan Collection code Permanent location Current location Shelving location Date acquired Total Checkouts Full call number Barcode Date last seen Price effective from Koha item type
          Koleksioni i përgjithshem UBT - Lipjan UBT - Lipjan Koleksioni i përgjithshem 01/30/2018   340.076 EMA 002-2997037 01/30/2018 01/30/2018 Books
UBT Library © 2015-2024. All rights reserved University Education for Business and Technology